000 00689nam a2200289Ia 4500
005 20260324120448.0
008 008 260324s9999 xx 000 0 eng d
020 _a9781315551326
037 _aEBOOK
040 _aCRL
040 _beng
040 _cCRL
041 _2eng
041 _aeng
084 _qCRL
100 _aLydia Schumacher
_91158668
245 0 _aTheological Philosophy
245 0 _bRethinking the Rationality of Christian Faith
260 _bTaylor and Francis
260 _c2015
365 _a
365 _b230
856 _uhttp://www.taylorfrancis.com/books/9781315551326
942 _cEBOOK
999 _c1750214
_d1750214